Normal view MARC view
  • Prevención de incendios

Entry Materia

Number of records used in: 1

001 - NÚMERO DE CONTROL DEL REGISTRO

  • campo de control: 59261

003 - IDENTIFICADOR DE NUMERO DE CONTROL

  • campo de control: MX-MxUPN

005 - FECHA Y HORA DE LA ÚLTIMA TRANSACCIÓN

  • campo de control: 20260415112953.0

008 - DATOS DE LONGITUD FIJA

  • campo de control de longitud fija: 260415nn fna||babb n ana d

040 ## - FUENTE DE LA CATALOGACIÓN

  • Centro catalogador de origen: MX-MxUPN
  • Lengua de catalogación: spa

150 ## - ENCABEZAMIENTO - TEMÁTICO

  • Término de materia o nombre geográfico como elemento inicial: Prevención de incendios
  • Subdivisión de forma: Literatura infantil

670 ## - FUENTE EN LA QUE SE LOCALIZARON DATOS

  • Cita de la fuente: Autoridades BGTQ, 15 abril 2026 :
  • Información localizada: portada (Prevención de incendios -- Literatura infantil)

902 ## - CATALOGADOR

  • Catalogador: VíctorGodínez/150426